The mystery of the elephant god / (Record no. 65945)
[ view plain ]
| 000 -LEADER | |
|---|---|
| fixed length control field | 00891nam a22002297a 4500 |
| 005 - DATE AND TIME OF LATEST TRANSACTION | |
| control field | 20120216122340.0 |
| 010 ## - LCCN (DPL NO) | |
| LC control number | B-453665 |
| 020 ## - INTERNATIONAL STANDARD BOOK NUMBER | |
| International Standard Book Number | 9780143335740 |
| 035 ## - SYSTEM CONTROL NUMBER | |
| System control number | B-453665 |
| 037 ## - SOURCE OF ACQUISITION | |
| Stock number | dpl |
| Source of stock number/acquisition | RBC/Ven |
| 082 ## - DEWEY DECIMAL CLASSIFICATION NUMBER | |
| Classification number | S |
| 100 ## - MAIN ENTRY--PERSONAL NAME | |
| Personal name | Ray, Satyajit |
| 245 ## - TITLE STATEMENT | |
| Title | The mystery of the elephant god / |
| Statement of responsibility, etc | by Satyajit Ray ; translated from the Bengali by Gopa Majumdar |
| 260 ## - PUBLICATION, DISTRIBUTION, ETC. (IMPRINT) | |
| Place of publication, distribution, etc | New Delhi |
| Name of publisher, distributor, etc | Penguin Books |
| Date of publication, distribution, etc | 2003 |
| 270 ## - ADDRESS | |
| Address | 11, Community Center,Panchsheel Park, |
| City | New Delhi |
| Postal code | 110017 |
| 300 ## - PHYSICAL DESCRIPTION | |
| Extent | 104p |
| Dimensions | 18cm(pbk) |
| 490 ## - SERIES STATEMENT | |
| Series statement | The adventures of feluda |
| Volume number/sequential designation | 7 |
| -- | 46394 |
| 700 ## - ADDED ENTRY--PERSONAL NAME | |
| Personal name | Majumdar,Gopa |
| 9 (RLIN) | 42457 |
| 942 ## - ADDED ENTRY ELEMENTS (KOHA) | |
| Source of classification or shelving scheme | Dewey Decimal Classification |
| Item type | English Books |
| Call number suffix | RAY |
| Classification part | S |
| Withdrawn status | Lost status | Not for loan | Collection code | Home library | Current library | Date acquired | Source of acquisition | Cost, normal purchase price | Full call number | Barcode | Copy number | Cost, replacement price | Koha item type | Public note |
|---|---|---|---|---|---|---|---|---|---|---|---|---|---|---|
| Fiction | Central Library | Central Library | 04/05/2012 | RBC/26662/08.10.2011/07/15.09.2011/29.11.2011 | 125.00 | S RAY | B-453665 | 1 | 125.00 | English Books | Legal Case (Register No. 29) |
